000 00228nam a22000977a 4500
005 20250901165549.0
008 211016b |||||||| |||| 00| 0 eng d
050 _aQA 39.2 .B 67 1981
245 _aTHE COURSE FORA-LEVEL
942 _2lcc
999 _c5929
_d5929